Home Print Resources E-Books E-Journals IIMT Lecture Series Library Membership Form Book Recommendation Form Campus Tour Take AdmissionAbout Us Contact Us

A Technical Quide to hotel Operation (Record no. 6727)

000 -LEADER
fixed length control field 00377nam a2200157Ia 4500
003 - CONTROL NUMBER IDENTIFIER
control field OSt
005 - DATE AND TIME OF LATEST TRANSACTION
control field 20231120062406.0
008 - FIXED-LENGTH DATA ELEMENTS--GENERAL INFORMATION
fixed length control field 170524s9999 xx 000 0 und d
020 ## - INTERNATIONAL STANDARD BOOK NUMBER
International Standard Book Number 81-7648-069-X
040 ## - CATALOGING SOURCE
Transcribing agency IIMT UNIVERSITY
100 ## - MAIN ENTRY--PERSONAL NAME
Personal name chakravarti - B.K.
245 #2 - TITLE STATEMENT
Title A Technical Quide to hotel Operation
260 ## - PUBLICATION, DISTRIBUTION, ETC.
Name of publisher, distributor, etc. A . P. H. Pub.
260 ## - PUBLICATION, DISTRIBUTION, ETC.
Date of publication, distribution, etc. 1999
942 ## - ADDED ENTRY ELEMENTS (KOHA)
Source of classification or shelving scheme
Koha item type Book Bank
Holdings
Withdrawn status Lost status Source of classification or shelving scheme Damaged status Not for loan Home library Current library Date acquired Barcode Date last seen Uniform Resource Identifier Price effective from Koha item type Total Checkouts Date last checked out
          IIMT University Central Library Meerut IIMT University Central Library Meerut 05/29/2017 01-B-75517 05/29/2017 hotel management 05/29/2017 Book Bank    
          IIMT University Central Library Meerut IIMT University Central Library Meerut 05/29/2017 01-B-75518 05/29/2017 hotel management 05/29/2017 Book Bank    
          IIMT University Central Library Meerut IIMT University Central Library Meerut 05/29/2017 01-B-75519 03/01/2019 hotel management 05/29/2017 Book Bank 1 03/01/2019
          IIMT University Central Library Meerut IIMT University Central Library Meerut 05/29/2017 01-B-75520 05/29/2017 hotel management 05/29/2017 Book Bank    
          IIMT University Central Library Meerut IIMT University Central Library Meerut 05/29/2017 01-B-75521 05/29/2017 hotel management 05/29/2017 Book Bank    
IIMT, Central Library. All Rights Reserved IIMT,UNIVERSITY © 2023
Implemented and Customised by I CLOUDE EMS
You Are OPAC Visitor No
free web counter

Powered by Koha